The grammar lab; Teacher's book two

The Grammar Lab is a series of three grammar books for children. It is designed for learners who need to supplement the grammar taught in coursebooks with more examples, explanations and exercises.

Uloženo v:
Podrobná bibliografie
Hlavní autor: Kenna Bourke
Médium: Kniha
Jazyk:Undetermined
Vydáno: Oxford Oxford Univ. Press 2000
Témata:
Tagy: Přidat tag
Žádné tagy, Buďte první, kdo otaguje tento záznam!
Thư viện lưu trữ: Trung tâm Học liệu Trường Đại học Cần Thơ
LEADER 00783nam a2200205Ia 4500
001 CTU_42327
008 210402s9999 xx 000 0 und d
020 |b 192.000đ 
082 |a 428.24 
082 |b B774t/T2 
100 |a Kenna Bourke 
245 4 |a The grammar lab; Teacher's book two 
245 0 |c Kenna Bourke 
260 |a Oxford 
260 |b Oxford Univ. Press 
260 |c 2000 
520 |a The Grammar Lab is a series of three grammar books for children. It is designed for learners who need to supplement the grammar taught in coursebooks with more examples, explanations and exercises. 
650 |a english language - grammar,english language - textbooks for foreign speakers 
904 |i Minh, 010720 
980 |a Trung tâm Học liệu Trường Đại học Cần Thơ